000 01077nac a22003257a 4500
001 BR0803234
003 BR-BrBNA
005 20240105123555.0
008 230509b bl.|||m| |||| 00| 0 por d
040 _aBR-BrBNA
_bpor
_cBiblioteca Nacional de Agricultura
072 _aH10; T01
090 _a0150 BR0803234
100 1 _aBarrigossi, J.A.F.
100 1 _aLanna, A.C.
100 1 _aFerreira, E.
110 1 _aEMBRAPA Arroz e Feijão, Santo Antônio de Goiás, GO (Brasil)
245 1 _aInseticidas registrados para a cultura do arroz e análise de parâmetros indicadores de seu comportamento no ambiente
260 3 _aSanto Antônio de Goiás, GO (Brasil):
_c2005.
300 _a4 p.
490 _aCircular Técnica - EMBRAPA Arroz e Feijão (Brazil)
_vno. 74
_xISSN 1678-9636
500 _a5 ref.
650 _aARROZ
650 _aINSETICIDA
650 _aCONTROLE QUÍMICO
650 _aMEIO AMBIENTE
650 _aPERSISTÊNCIA DE PESTICIDA
650 _aCONTAMINAÇÃO
909 _a202312
_bLúcia Elande
_c55
_dLúcia Elande
942 _2AGRIS
_n0
_cMS
999 _c296053
_d296053